[Event "8th Nana Aleksandria"]
[Site "Poti GEO"]
[Date "2013.07.13"]
[Round "1.5"]
[White "Harutjunyan,G"]
[Black "Abbasov,V"]
[Result "1-0"]
[WhiteElo "2456"]
[BlackElo "2132"]

1.e4 c5 2.Nc3 Nc6 3.Bb5 d6 4.f4 Nf6 5.Nf3 e6 6.O-O Be7 7.Bxc6+ bxc6 8.d3 O-O
9.Qe1 Nd7 10.Qg3 Nb6 11.b3 d5 12.Bb2 f6 13.Kh1 Qc7 14.Rae1 Bd7 15.Nd1 a5
16.Ne3 a4 17.exd5 cxd5 18.Nf5 exf5 19.Rxe7 Rf7 20.Bxf6 Rxe7 21.Bxe7 axb3
22.axb3 d4 23.Bf6 Bc6 24.Re1 Re8 25.Rxe8+ Bxe8 26.Be5 Qd7 27.b4 cxb4 28.Nxd4 Bg6
29.h4 Kf8 30.Qg5 Qe7 31.Bxg7+ Kf7 32.Qh6 Qe1+ 33.Kh2 Nd5 34.Be5 Ne3 35.Qg7+ Ke8
36.Qg8+ Ke7 37.Nc6+ Kd7 38.Qd8+ Kxc6 39.Qc7+ Kb5 40.Qb7+  1-0

[Event "8th Nana Aleksandria"]
[Site "Poti GEO"]
[Date "2013.07.13"]
[Round "1.7"]
[White "Kalashian,D"]
[Black "Vardanian,Ham"]
[Result "1-0"]
[WhiteElo "2427"]
[BlackElo "2117"]

1.e4 c5 2.Nc3 Nc6 3.Nf3 e5 4.Bc4 Be7 5.d3 d6 6.Nd2 Nf6 7.Nf1 Be6 8.Ne3 O-O
9.O-O Kh8 10.Ncd5 Na5 11.Nxf6 Nxc4 12.dxc4 Bxf6 13.Nd5 Bg5 14.Qd3 f5 15.Bxg5 Qxg5
16.Nc7 fxe4 17.Nxe6 Qe7 18.Qd5 Rfe8 19.Nxc5 dxc5 20.Qxe4 Rad8 21.Rad1 Rd4
22.Rxd4 exd4 23.Qxe7 Rxe7 24.Rc1 d3 25.Kf1 dxc2 26.Rxc2 Kg8 27.Rd2 Kf7 28.f3 Kf6
29.Kf2 b6 30.g4 Rf7 31.h4 Re7 32.b3 Rf7 33.Kg3 Ke5 34.Rd5+ Ke6 35.f4 Re7
36.Re5+  1-0

[Event "23rd Heart of FIN"]
[Site "Jyvaskyla FIN"]
[Date "2013.07.14"]
[Round "9.4"]
[White "Moiseenko,Va"]
[Black "Yrjola,J"]
[Result "0-1"]
[WhiteElo "2473"]
[BlackElo "2372"]

1.Nc3 c5 2.Nf3 Nc6 3.e4 d6 4.Bc4 Nf6 5.O-O Bg4 6.h3 Bh5 7.Re1 e6 8.g4 Bg6
9.d4 Be7 10.d5 exd5 11.Bxd5 O-O 12.Bf4 Nb4 13.a3 Nbxd5 14.Nxd5 Nxd5 15.Qxd5 Qb6
16.h4 h6 17.b3 Rfe8 18.Rad1 Rad8 19.h5 Bh7 20.Nd2 Qa5 21.Qxb7 Qc3 22.Nf1 Qf3
23.Bg3 Qxg4 24.e5 d5 25.Ne3 Qxh5 26.Nxd5 Bf8 27.Rd2 Qg5 28.Red1 Be4 29.Rd3 Qg4
30.Kf1 Rxd5 31.Rxd5 Qxd1+ 32.Rxd1 Bxb7 33.Rd7 Re7 34.Rd8 Re6 35.f4 Bc6 36.Rc8 Be4
37.c4 g5 38.Kf2 Kg7 39.Ke3 Bc2 40.b4 cxb4 41.axb4 Bxb4 42.c5 gxf4+ 43.Bxf4 Ba4  0-1

[Event "Universiade Men"]
[Site "Kazan RUS"]
[Date "2013.07.14"]
[Round "7.6"]
[White "Andriasian,Z"]
[Black "Perez Ponsa,F"]
[Result "1-0"]
[WhiteElo "2620"]
[BlackElo "2488"]

1.e4 c5 2.Nc3 Nc6 3.Nf3 g6 4.Bb5 Bg7 5.Bxc6 bxc6 6.O-O d6 7.e5 Bg4 8.exd6 exd6
9.h3 Bxf3 10.Qxf3 Ne7 11.d3 O-O 12.Bg5 f6 13.Bf4 g5 14.Bh2 f5 15.Qg3 f4 16.Qxg5 Rf5
17.Qg4 h5 18.Qe2 Qd7 19.Rae1 Be5 20.Kh1 Kf7 21.Ne4 Rg8 22.f3 Bd4 23.c3 Be3
24.Nxd6+ Kf6 25.Nxf5 Nxf5 26.Qc2 h4 27.d4 c4 28.Re2 c5 29.dxc5 Rd8 30.c6 Qxc6
31.Qe4 Qd6 32.Rxe3 Nxe3 33.Bxf4 Qd1 34.Bg5+ Kg7 35.Qe7+  1-0

[Event "43rd Nat Jun ch-IND U19"]
[Site "Lucknow IND"]
[Date "2013.07.14"]
[Round "7.2"]
[White "Aravindh,Chithambaram VR."]
[Black "Yohan,J"]
[Result "1-0"]
[WhiteElo "2306"]
[BlackElo "2149"]

1.e4 c5 2.Nf3 Nc6 3.Nc3 e5 4.Bc4 d6 5.d3 h6 6.O-O Nf6 7.Ne1 g6 8.f4 Bg7 9.Nf3 O-O
10.Qe1 exf4 11.Bxf4 Be6 12.Qd2 Kh7 13.Nd5 Bxd5 14.Bxd5 Nxd5 15.exd5 Ne7 16.c4 Nf5
17.Kh1 Qd7 18.Rae1 Rae8 19.g4 Ne7 20.h3 g5 21.Bg3 f5 22.Re6 fxg4 23.hxg4 Ng6
24.Qe2 Rxe6 25.dxe6 Qc6 26.Qg2 Rf6 27.Qe2 Rf8 28.Qg2 Rf6 29.Qe2 Rf8 30.Kh2 Re8
31.Re1 Nf8 32.d4 cxd4 33.Qd3+ Kg8 34.e7 Nd7 35.Nxd4 Qb6 36.Qg6 Nf6 37.Nf5 Nxg4+
38.Kh3  1-0

[Event "17th Battle of Senta"]
[Site "Senta SRB"]
[Date "2013.07.14"]
[Round "3.8"]
[White "Domany,Z"]
[Black "Radusinovic,L"]
[Result "0-1"]
[WhiteElo "2158"]
[BlackElo "2310"]

1.e4 c5 2.Nc3 Nc6 3.Nge2 d6 4.d4 cxd4 5.Nxd4 e5 6.Nf3 Be7 7.Bc4 Nf6 8.h3 h6
9.Be3 O-O 10.O-O Na5 11.Bb3 Be6 12.Qd3 a6 13.Nd5 Nxb3 14.Bb6 Qd7 15.Nxf6+ Bxf6
16.axb3 Qc6 17.Ba5 d5 18.Nd2 Rfc8 19.exd5 Bxd5 20.f3 Be6 21.Bc3 Bg5 22.Ne4 Bf5
23.Rad1 Bf4 24.Qe2 Rd8 25.g3 Rxd1 26.Qxd1 Be3+ 27.Kh2 Bxe4 28.fxe4 Qxe4 29.Re1 f5
30.Qd3 Qxd3 31.cxd3 Bd4 32.Bxd4 exd4 33.Re7 b5 34.Rd7 Rc8 35.Rxd4 Rc2+ 36.Kg1 Rxb2
37.b4 Ra2 38.Rd7 Kh7 39.Rd6 Kg8 40.Rd7 Ra4 41.Ra7 Rxb4 42.Rxa6 Rd4 43.Ra3 b4
44.Rb3 f4 45.gxf4 Rxf4 46.Kg2 Kf7 47.Kg3 g5 48.Rb1 Ke6 49.Ra1 Kd5 50.Ra6 Rh4
51.Rb6 Kc5 52.Rb8 Rd4 53.Rc8+ Kb5 54.Rh8 Rxd3+  0-1

[Event "7th LCT 2013"]
[Site "Leiden NED"]
[Date "2013.07.15"]
[Round "4.20"]
[White "Lecomte,Robin"]
[Black "Van Halderen,H"]
[Result "1-0"]
[WhiteElo "1930"]
[BlackElo "2071"]

1.e4 c5 2.Nc3 Nc6 3.Bb5 Nd4 4.Bc4 e6 5.Nge2 g6 6.d3 Bg7 7.O-O a6 8.f4 Ne7
9.e5 d5 10.exd6 Qxd6 11.Ne4 Qc6 12.c3 Ndf5 13.g4 b5 14.Bb3 Bb7 15.Bc2 Rd8
16.Qe1 Nd6 17.Qf2 f5 18.Nxd6+ Rxd6 19.Ng3 h5 20.Be3 h4 21.Ne4 Rd5 22.Rae1 c4
23.dxc4 bxc4 24.Ng5 Rd2 25.Ba4 Qxa4 26.Bxd2 Qc6 27.Qf3 Qd7 28.Qe3 Qd5 29.Rf3 fxg4
30.Nxe6 Qd6 31.Nxg7+ Kf7 32.Rff1 Rc8 33.Qe6+  1-0

[Event "2nd Ideon Andron Open 2013"]
[Site "Anogia GRE"]
[Date "2013.07.16"]
[Round "8.6"]
[White "Skaperdas,K"]
[Black "Pap,M"]
[Result "0-1"]
[WhiteElo "2141"]
[BlackElo "2489"]

1.e4 c5 2.Nc3 Nc6 3.Nge2 e6 4.d4 d5 5.exd5 exd5 6.Bf4 Be6 7.Nb5 Rc8 8.dxc5 Bxc5
9.c3 a6 10.b4 Nxb4 11.cxb4 Bxb4+ 12.Bd2 Bxd2+ 13.Qxd2 axb5 14.Nd4 Ne7 15.Bxb5+ Nc6
16.O-O O-O 17.Rfe1 Qf6 18.Bxc6 bxc6 19.a4 c5 20.Nxe6 fxe6 21.Qe2 Rc6 22.a5 c4
23.a6 Ra8 24.a7 Rc7 25.Ra6 Rcxa7 26.Rxe6 Qf7 27.f3 h6 28.Qe5 Rd8 29.Qd4 Rc7
30.R1e5 Kh7 31.h3 c3 32.Qd3+ g6 33.Re1 c2 34.Qe3 d4 35.Qc1 d3 36.Qd2 Qxe6  0-1

[Event "12th Condom Open"]
[Site "Condom FRA"]
[Date "2013.07.16"]
[Round "5.6"]
[White "Daulyte,D"]
[Black "Bizovi,M"]
[Result "1/2-1/2"]
[WhiteElo "2363"]
[BlackElo "2137"]

1.e4 c5 2.Nc3 Nc6 3.Bb5 Na5 4.Be2 e6 5.Nf3 d6 6.O-O Nf6 7.d4 cxd4 8.Nxd4 Be7
9.Be3 O-O 10.f4 a6 11.Qe1 Qc7 12.Rd1 b5 13.a3 Bb7 14.e5 Nd5 15.Nxd5 Bxd5
16.Nf5 exf5 17.Rxd5 Nc4 18.exd6 Nxd6 19.Bf3 Rac8 20.Bd4 Rfe8 21.Qg3 g6 22.c3 Bf8
23.Rd1 Ne4 24.Bxe4 fxe4 25.Qe3 Rcd8 26.Rxd8 Qxd8 27.Rd2 Qc8  1/2-1/2

[Event "43rd Nat Jun ch-IND U19"]
[Site "Lucknow IND"]
[Date "2013.07.17"]
[Round "10.2"]
[White "Lokesh,P"]
[Black "Aravindh,Chithambaram VR."]
[Result "1/2-1/2"]
[WhiteElo "2239"]
[BlackElo "2306"]

1.e4 c5 2.Nf3 Nc6 3.Nc3 e5 4.Bc4 Be7 5.d3 d6 6.O-O Nf6 7.Ng5 O-O 8.f4 Bg4
9.Qe1 exf4 10.Bxf4 Nd4 11.Qd2 Qd7 12.Be3 h6 13.Nf3 Nxf3+ 14.gxf3 Be6 15.Bxe6 fxe6
16.Qg2 Kh7 17.Kh1 Qe8 18.Rg1 Qf7 19.Ne2 Rg8 20.f4 d5 21.Raf1 Raf8 22.a3 b5
23.f5 exf5 24.exf5 d4 25.Bd2 Qd5 26.Nf4 Qxg2+ 27.Rxg2 Bd6 28.Ne6 Rf7 29.Rf3 Re8
30.Rh3 Rfe7 31.Bg5 Rxe6 32.fxe6 Rxe6 33.Bd2 c4 34.Rh4 Bc5 35.Rf4 a6 36.Rf5 Bb6
37.Bb4 g6 38.Rf1 g5 39.Re1 Rc6 40.Rge2 a5 41.Re6 Rxe6 42.Rxe6 Nd5 43.Rd6 axb4
44.Rxd5 b3 45.cxb3 cxd3 46.Rf5 d2 47.Rf1 Kg6 48.Kg2 d3 49.a4 b4 50.Rd1 Kf5
51.Rxd2 Ke4 52.Kf1 g4 53.Rg2 h5 54.Ke1 Bc7 55.Kd1 Kf3 56.Rd2 Ke3 57.Rg2 Ke4
58.Ke1 Bb6 59.Kd1  1/2-1/2

[Event "Czech Open G1 Rapid 2013"]
[Site "Pardubice CZE"]
[Date "2013.07.17"]
[Round "1.18"]
[White "Dorst,J"]
[Black "Piorun,K"]
[Result "0-1"]
[WhiteElo "2236"]
[BlackElo "2566"]

1.e4 c5 2.Nc3 Nc6 3.Bb5 d6 4.Bxc6+ bxc6 5.f4 g6 6.Nf3 Bg7 7.O-O Nf6 8.e5 Nd5
9.exd6 exd6 10.Nxd5 cxd5 11.Re1+ Be6 12.Ng5 O-O 13.Rxe6 fxe6 14.Nxe6 Qe7
15.Nxf8 Bd4+ 16.Kh1 Re8 17.h3 Qh4 18.Nxg6 Re1+ 19.Kh2 Bg1+ 20.Kh1 Qg3 21.Ne7+ Kf8  0-1

[Event "28th Gniot Mem 2013"]
[Site "Police POL"]
[Date "2013.07.17"]
[Round "8.6"]
[White "Szczepkowska Horowska,K"]
[Black "Korbal,A"]
[Result "1-0"]
[WhiteElo "2380"]
[BlackElo "2131"]

1.e4 c5 2.Nc3 Nc6 3.Bb5 e6 4.Bxc6 bxc6 5.d3 d6 6.f4 Nf6 7.Nf3 Be7 8.O-O O-O
9.b3 Nd7 10.Rb1 Bf6 11.Ne2 g6 12.Be3 Bg7 13.Qe1 f5 14.h3 e5 15.Ng5 Qe7 16.exf5 exf4
17.Bxf4 Ne5 18.f6 Bxf6 19.Ne4 Bg7 20.Bg5 Rxf1+ 21.Qxf1 Qf8 22.Qxf8+ Bxf8
23.Bf6 Nd7 24.Bb2 d5 25.Ng5 Nb6 26.a4 c4 27.a5 cxd3 28.cxd3 Nd7 29.Nf4 Rb8
30.Rc1 Nc5 31.Be5 Rxb3 32.d4 h6 33.Nf3 Nd3 34.Nxd3 Rxd3 35.Rxc6 Bf5 36.Nh4 Bb4
37.Nxf5 gxf5 38.a6 Bc3 39.Rg6+ Kf8 40.Rxh6 Bxd4+ 41.Bxd4 Rxd4 42.Rh7 Rd1+
43.Kf2 Rd2+ 44.Kf3 Rd3+ 45.Kf4 Rd2 46.Rxa7 Rxg2 47.Rb7  1-0

[Event "28th Gniot Mem 2013"]
[Site "Police POL"]
[Date "2013.07.17"]
[Round "8.9"]
[White "Maniocha,A"]
[Black "Szadkowski,Ka"]
[Result "0-1"]
[WhiteElo "2118"]
[BlackElo "2184"]

1.e4 c5 2.Nf3 Nc6 3.Nc3 e6 4.g3 d5 5.Bg2 d4 6.Ne2 Nf6 7.d3 Be7 8.O-O O-O
9.h3 b5 10.a4 bxa4 11.Rxa4 Qb6 12.b3 a5 13.Nd2 Bd7 14.Nc4 Qc7 15.g4 Nb4 16.g5 Nh5
17.Ra3 a4 18.e5 Bc6 19.Bxc6 Qxc6 20.c3 dxc3 21.Nxc3 g6 22.bxa4 Rfd8 23.Nb5 Ng7
24.Nbd6 Nf5 25.Nxf5 exf5 26.a5 Rd4 27.Be3 Rh4 28.Kh2 f4 29.Bd2 Nc2 30.Rg1 Nd4
31.Bc1 Nf3+ 32.Kg2 Nxg1+ 33.Kxg1 Rxh3 34.f3 Rxf3 35.Qe2 Rg3+ 36.Kh2 Qe6 37.Qf1 Qg4  0-1

[Event "113th ch-SUI 2013"]
[Site "Graechen SUI"]
[Date "2013.07.18"]
[Round "8.7"]
[White "Hugentobler,P"]
[Black "Gallagher,Jo"]
[Result "0-1"]
[WhiteElo "2238"]
[BlackElo "2508"]

1.e4 c5 2.Nc3 Nc6 3.Bb5 Nd4 4.Bc4 a6 5.d3 e6 6.Nge2 b5 7.Bb3 Nxb3 8.axb3 Bb7
9.O-O Nf6 10.f4 Qc7 11.Ng3 h5 12.e5 h4 13.Nge4 Nxe4 14.Nxe4 h3 15.g3 O-O-O
16.Be3 f5 17.Ng5 Be7 18.Nf3 d6 19.Qe2 dxe5 20.Nxe5 Bf6 21.Rfe1 Bxe5 22.fxe5 Qc6
23.Kf1 f4 24.gxf4 Qh1+ 25.Bg1 Rh4 26.Kf2 Rxf4+ 27.Kg3 Bf3 28.Kxf4 Bxe2 29.Rxe2 g5+
30.Ke3 g4 31.Rae1 c4 32.bxc4 bxc4 33.d4 Qb7 34.c3 Rf8  0-1

[Event "Lueneburg Open 2013"]
[Site "Lueneburg GER"]
[Date "2013.07.18"]
[Round "4.5"]
[White "Gazic,J"]
[Black "Lubbe,N"]
[Result "1/2-1/2"]
[WhiteElo "2289"]
[BlackElo "2451"]

1.e4 c5 2.Nf3 Nc6 3.Nc3 Nf6 4.Be2 d6 5.d4 cxd4 6.Nxd4 e5 7.Nf3 h6 8.Be3 Be6
9.O-O Be7 10.a3 O-O 11.Qd2 Rc8 12.Rfd1 a6 13.h3 Na5 14.Qe1 Qc7 15.Bd2 Nc4
16.Bc1 b5 17.Nd2 Nb6 18.Nf1 d5 19.exd5 Nbxd5 20.Nxd5 Nxd5 21.c3 Nb6 22.Bd3 Bb3
23.Rd2 f5 24.Ng3 e4 25.Bc2 Bd5 26.Nh5 Bf7 27.Ng3 g6 28.Ne2 Qe5 29.Rd1 g5
30.Be3 Bd6 31.Ng3 Nc4 32.Bd4 Qe6 33.b4 Bg6 34.a4 Bb8 35.axb5 axb5 36.Bb3 f4
37.Nf1 f3 38.g4 h5 39.Qd2 Rf4 40.Be3 Rxg4+ 41.hxg4 Qxg4+ 42.Ng3 Qh3 43.Bxc4+ bxc4
44.Qd5+ Kh8 45.Bd4+ Kh7  1/2-1/2

[Event "Czech Open G1 Rapid 2013"]
[Site "Pardubice CZE"]
[Date "2013.07.18"]
[Round "6.59"]
[White "Sirkova,D"]
[Black "Kolesar,Mil"]
[Result "1-0"]
[WhiteElo "1986"]
[BlackElo "2141"]

1.e4 c5 2.Nc3 Nc6 3.Bb5 Nd4 4.Ba4 g6 5.f4 Bg7 6.Nf3 a6 7.d3 e6 8.Nxd4 cxd4
9.Ne2 Ne7 10.Bd2 O-O 11.Bb4 b5 12.Bb3 d6 13.a3 Nc6 14.Bd2 e5 15.O-O Be6 16.f5 Bxb3
17.cxb3 f6 18.fxg6 hxg6 19.Ng3 Qd7 20.b4 Rac8 21.h4 d5 22.h5 dxe4 23.hxg6 e3
24.Qh5 Rfe8 25.Qh7+ Kf8 26.Nh5 Ke7 27.Nxf6 Qe6 28.Qxg7+ Kd6 29.Ne4+ Kd5 30.Rac1 Ne7
31.Nf6+ Qxf6 32.Qxf6 exd2 33.Rxc8 Nxc8 34.Qf7+ Re6 35.Qd7+ Nd6 36.g7 Rg6
37.Rd1  1-0

[Event "Czech Open G1 Rapid 2013"]
[Site "Pardubice CZE"]
[Date "2013.07.18"]
[Round "7.56"]
[White "Dorst,J"]
[Black "Lund,A"]
[Result "1-0"]
[WhiteElo "2236"]
[BlackElo "2067"]

1.e4 c5 2.Nc3 Nc6 3.Bb5 Nd4 4.Bc4 e6 5.Nge2 Ne7 6.O-O a6 7.a4 b6 8.d3 Bb7
9.Ba2 Nec6 10.Nxd4 Nxd4 11.Ne2 Nxe2+ 12.Qxe2 Be7 13.f4 O-O 14.Bd2 d5 15.Rf3 dxe4
16.Rh3 g6 17.Bc3 Bf6 18.dxe4 Bxc3 19.bxc3 Qf6 20.Rf1 Rad8 21.Bc4 a5 22.Bb5 Qg7
23.f5 Qe5 24.f6 Qxe4 25.Qf2 Rd6 26.Bd3 Qg4 27.Be2 Qg5 28.Rg3 Qh6 29.Rh3 Qg5
30.Re3 Rfd8 31.h4 Qh6 32.g4 Rd2 33.g5 Qf8 34.h5 Qd6 35.hxg6 hxg6 36.Qh4 Qf8
37.Rh3  1-0

[Event "12th Bergamo Open"]
[Site "Bergamo ITA"]
[Date "2013.07.19"]
[Round "2.5"]
[White "Srebrnic,V"]
[Black "Solodovnichenko,Y"]
[Result "1/2-1/2"]
[WhiteElo "2184"]
[BlackElo "2555"]

1.e4 c5 2.Nc3 Nc6 3.Bb5 Nd4 4.Bc4 e6 5.Nf3 Nf6 6.O-O a6 7.e5 d5 8.exf6 dxc4
9.fxg7 Bxg7 10.d3 b5 11.Nxd4 cxd4 12.Ne4 Qd5 13.Qg4 Kf8 14.Qh4 h6 15.Bd2 Bb7
16.Bb4+ Kg8 17.f3 e5 18.Qg4 Kh7 19.Qf5+ Kg8 20.Qg4 Kh7 21.Qf5+ Kg8  1/2-1/2

[Event "12th Condom Open"]
[Site "Condom FRA"]
[Date "2013.07.19"]
[Round "8.2"]
[White "Daulyte,D"]
[Black "Cornette,M"]
[Result "0-1"]
[WhiteElo "2363"]
[BlackElo "2578"]

1.e4 c5 2.Nf3 Nc6 3.Nc3 d6 4.d4 cxd4 5.Nxd4 e5 6.Nf5 Bxf5 7.exf5 Qd7 8.Nd5 Nge7
9.f6 Nxd5 10.fxg7 Bxg7 11.Qxd5 O-O 12.Be3 Ne7 13.Qd2 Qe6 14.Be2 d5 15.Bc5 Rfd8
16.Bxe7 Qxe7 17.O-O d4 18.Bd3 e4 19.Rae1 f5 20.f3 e3 21.Qa5 f4 22.Qh5 h6
23.Qf5 Qf6 24.Bc4+ Kh8 25.Qe4 Rd7 26.g3 Re7 27.Qxf4 Qxf4 28.gxf4 Rf8 29.Bd3 Rxf4
30.Re2 Be5 31.Rg2 Ref7 32.Be4 Rh4 33.Kh1 Rxe4  0-1

[Event "Corporation Cup 2013"]
[Site "Izhevsk RUS"]
[Date "2013.07.19"]
[Round "8.3"]
[White "Kokarev,Dm"]
[Black "Bukavshin,I"]
[Result "1/2-1/2"]
[WhiteElo "2630"]
[BlackElo "2517"]

1.e4 c5 2.Nf3 Nc6 3.Nc3 e6 4.Bb5 Nd4 5.O-O a6 6.Bd3 Nc6 7.b3 d6 8.Bb2 Nf6
9.Re1 e5 10.Nd5 Bg4 11.h3 Bh5 12.Bc4 Be7 13.c3 O-O 14.Qe2 Rb8 15.a4 Kh8 16.Rad1 b5
17.axb5 axb5 18.Bxb5 Nxd5 19.exd5 Na5 20.b4 Qb6 21.c4 cxb4 22.Ra1 f5 23.Qe3 Bd8
24.Ra4 Qxe3 25.dxe3 Be8 26.Rxb4 Nxc4 27.Rxc4 Bxb5 28.Rcc1 Ra8 29.Bc3 Bf6
30.Nd2 Bd3 31.Bb4 Rfd8 32.Nc4 Bxc4 33.Rxc4 Ra4 34.Rec1 Kg8 35.Be1 Rxc4 36.Rxc4 Rb8
37.Bb4 Rb5 38.Bxd6 Rxd5 39.Bb4 h5 40.g3 Kf7 41.Kg2  1/2-1/2

[Event "7th LCT 2013"]
[Site "Leiden NED"]
[Date "2013.07.19"]
[Round "6.26"]
[White "De Bruijne,Arian"]
[Black "Van Halderen,H"]
[Result "0-1"]
[WhiteElo "1941"]
[BlackElo "2071"]

1.e4 c5 2.Nc3 Nc6 3.Nge2 d6 4.d4 cxd4 5.Nxd4 Nf6 6.f3 e5 7.Nb3 Be6 8.Bg5 Be7
9.Qd2 h6 10.Bxf6 Bxf6 11.Rd1 O-O 12.Be2 Bg5 13.Qxd6 Nd4 14.Qxe5 Nxc2+ 15.Kf2 Qb6+
16.Kg3 Be3 17.h3 g5 18.Nd5 Bxd5 19.Kg4 Bf4  0-1

[Event "6th Paleochora Open"]
[Site "Paleochora GRE"]
[Date "2013.07.19"]
[Round "1.13"]
[White "Ashwin,J"]
[Black "Asvestopoulou,E"]
[Result "1-0"]
[WhiteElo "2470"]
[BlackElo "1599"]

1.e4 c5 2.Nf3 Nc6 3.Nc3 d6 4.d4 cxd4 5.Nxd4 e5 6.Nf3 Nf6 7.Bc4 h6 8.O-O Be7
9.Qe2 Bg4 10.Be3 O-O 11.h3 Bh5 12.Rfd1 a6 13.Nd5 Nxd5 14.Bxd5 Qc7 15.c3 Kh8
16.a4 Rac8 17.g4 Bg6 18.Nd2 Nd8 19.Nc4 Ne6 20.Nb6 Nf4 21.Bxf4 Qxb6 22.Be3 Qa5
23.Bxb7 Rb8 24.Bd5 Rfc8 25.Ba7  1-0

[Event "15th TCh-Eur Senior"]
[Site "Dresden GER"]
[Date "2013.07.20"]
[Round "1"]
[White "Pauchard,P"]
[Black "Kaiser,Ho"]
[Result "1-0"]
[WhiteElo "2106"]
[BlackElo "1851"]

1.e4 c5 2.Nf3 Nc6 3.Nc3 d6 4.d4 cxd4 5.Nxd4 Nf6 6.Bc4 e6 7.Bb3 a6 8.Be3 Be7
9.O-O O-O 10.f4 Qc7 11.f5 Nxd4 12.Bxd4 e5 13.Be3 Bd7 14.g4 h6 15.h4 Bc6 16.g5 hxg5
17.hxg5 Nh7 18.f6 gxf6 19.g6 Ng5 20.Bxg5 Kg7 21.Be3 fxg6 22.Nd5 Qd7 23.Qf3 Bxd5
24.Bxd5 Rh8 25.Rae1 Rh3 26.Qg2 Rah8 27.Rf3 Rxf3 28.Qxf3 b5 29.Bf2 Rh5 30.Be3 Rh3
31.Qg2 g5 32.Kf2 Qc8 33.c3 Qh8 34.Kg1 Qh5 35.Be6 Qh4 36.Bf2 Rh1+ 37.Qxh1 Qxf2+
38.Kxf2  1-0

[Event "Horsens Lang Weekend 2013"]
[Site "Horsens DEN"]
[Date "2013.07.20"]
[Round "5.4"]
[White "Mikkelsen,N"]
[Black "Sorensen,TorbenK"]
[Result "1/2-1/2"]
[WhiteElo "2418"]
[BlackElo "2207"]

1.e4 c5 2.Nf3 Nc6 3.Nc3 g6 4.d4 cxd4 5.Nxd4 Bg7 6.Nb3 d6 7.Be2 f5 8.exf5 Bxf5
9.O-O Nf6 10.Be3 Be6 11.f4 Qd7 12.Kh1 O-O 13.Qe1 Rad8 14.Rd1 Qc8 15.Bf3 Bg4
16.Nd4 Bxf3 17.Rxf3 e5 18.Nxc6 Qxc6 19.fxe5 dxe5 20.Rxd8 Rxd8 21.Bg5 e4 22.Re3 h6
23.Bxf6 Bxf6 24.Nxe4 Bxb2 25.c3 Ba3 26.Nd2 Qd5 27.Nf3 Qd1 28.Re8+ Bf8 29.Rxd8 Qxd8
30.h4 Qd5 31.Qb1 Bg7 32.Qxg6 Qxa2 33.Qe8+ Kh7 34.Qe4+ Kh8 35.c4 Qa1+ 36.Kh2 b6
37.g4 Qf6 38.g5 hxg5 39.hxg5 Qd6+ 40.Kg2 a5 41.g6 Qf6 42.Qg4 Bh6 43.Kh3 Qf4
44.Qc8+ Qf8 45.Qg4 Qf4 46.Qc8+ Qf8 47.Qg4 Qf4  1/2-1/2

[Event "31st Andorra Open"]
[Site "La Massana AND"]
[Date "2013.07.20"]
[Round "1.7"]
[White "Kogan,Ar"]
[Black "Mateu Guiu,E"]
[Result "1-0"]
[WhiteElo "2570"]
[BlackElo "2043"]

1.e4 c5 2.Nc3 Nc6 3.Bb5 Nd4 4.Nf3 Nxb5 5.Nxb5 g6 6.d4 Bg7 7.O-O a6 8.Nc3 cxd4
9.Nxd4 d6 10.Nd5 Nf6 11.Bg5 Nxd5 12.exd5 h6 13.Be3 O-O 14.Qd2 Kh7 15.c4 Bd7
16.Rac1 e5 17.dxe6 fxe6 18.Rfd1 Qh4 19.f4 Rad8 20.Qb4 g5 21.Qxb7 gxf4 22.Qe4+ Kh8
23.Nf3 Qh5 24.Bb6 Rde8 25.Rxd6 Bc8 26.Bf2 Bxb2 27.Rb1 Bg7 28.Nh4 Kg8 29.c5 Rf7
30.h3 Bf6 31.Ng6 e5 32.Nxf4 Qg5 33.Re1 Bf5 34.Qf3 Rg7 35.Nh5 Rf8 36.Nxg7 Bxg7
37.Qg3 Qxg3 38.Bxg3 Rc8 39.Bxe5 Rxc5 40.Bxg7 Kxg7  1-0

[Event "12th Bergamo Open"]
[Site "Bergamo ITA"]
[Date "2013.07.21"]
[Round "5.7"]
[White "Srebrnic,V"]
[Black "Caprio,G"]
[Result "0-1"]
[WhiteElo "2184"]
[BlackElo "2415"]

1.e4 c5 2.Nc3 Nc6 3.Bb5 g6 4.Bxc6 bxc6 5.f4 Bg7 6.Nf3 Nh6 7.O-O O-O 8.d3 f5
9.Qe2 Rb8 10.e5 d6 11.b3 Nf7 12.Bd2 dxe5 13.fxe5 Nxe5 14.Rae1 Nxf3+ 15.Qxf3 e5
16.Qxc6 Qd4+ 17.Kh1 Bb7 18.Qe6+ Kh8 19.Qc4 e4 20.Nb5 Qxc4 21.bxc4 Rbd8 22.Bg5 Rd7
23.dxe4 a6 24.Na3 Bxe4 25.Be3 Rfd8 26.Kg1 Rd2 27.Rf2 Rxf2 28.Kxf2 Bc3 29.Re2 Bb4
30.Nb1 Rd1 31.c3 Ba5 32.Nd2 Bd3 33.Re1 Rxe1 34.Kxe1 Bxc3 35.Bxc5 Bxc4 36.a3 Bd5
37.g3 Kg7 38.Ke2 Kf7 39.Kd3 Bf6 40.a4 Bc6 41.a5 Bb5+ 42.Ke3 Bg5+  0-1

[Event "12th Bergamo Open"]
[Site "Bergamo ITA"]
[Date "2013.07.21"]
[Round "6.8"]
[White "Chiaretti,R"]
[Black "Sgnaolin,D"]
[Result "1-0"]
[WhiteElo "2212"]
[BlackElo "2258"]

1.e4 c5 2.Nf3 Nc6 3.Nc3 g6 4.d4 cxd4 5.Nxd4 Bg7 6.Nb3 Nf6 7.Be2 d6 8.O-O O-O
9.Bg5 Be6 10.Kh1 a5 11.a4 Rc8 12.f4 Nb4 13.Nd4 Bc4 14.Ndb5 Qb6 15.Bxc4 Rxc4
16.Qe2 Qc6 17.Rad1 Nxe4 18.Na7 Nxc3 19.bxc3 Qe4 20.Qxe4 Rxe4 21.cxb4 Ra8
22.Nb5 axb4 23.Rfe1 Rxe1+ 24.Rxe1 f6 25.Bh4 Kf7 26.Kg1 Rxa4 27.Rb1 Bh6 28.Bg3 Ra2
29.Rxb4 Rxc2 30.Kf1 Rc1+ 31.Ke2 Bf8 32.Nd4 Rc7 33.Rb6 e5 34.Nb5 Rd7 35.Kf3 Ke6
36.fxe5 fxe5 37.Ke4 Bg7 38.Bh4 h6 39.Be1 Bf6 40.Bb4 Be7 41.g4 h5 42.h3 hxg4
43.hxg4 Bf8 44.Bc3 Bg7 45.g5 Bf8 46.Bxe5 Be7 47.Bf4 Bd8 48.Nd4+ Kf7 49.Rb5 d5+
50.Kd3 Be7 51.Nf3 Ke6 52.Ne5 Rc7 53.Nxg6 Rc4 54.Nxe7 Rxf4 55.Nxd5 Rg4 56.Ne3 Rg1
57.Ke4 Rg3 58.Rb6+ Kf7 59.Kf4  1-0

[Event "Horsens Lang Weekend 2013"]
[Site "Horsens DEN"]
[Date "2013.07.21"]
[Round "7.8"]
[White "Thuesen,M"]
[Black "Sorensen,TorbenK"]
[Result "1/2-1/2"]
[WhiteElo "2267"]
[BlackElo "2207"]

1.e4 c5 2.Nc3 Nc6 3.Bb5 g6 4.Bxc6 dxc6 5.Nge2 Bg7 6.d3 e5 7.O-O Ne7 8.Be3 b6
9.Qd2 O-O 10.Bh6 f5 11.Bxg7 Kxg7 12.f4 Qd6 13.Rae1 Be6 14.Kh1 exf4 15.Nxf4 Bf7
16.exf5 gxf5 17.Nh5+ Bxh5 18.Qg5+ Ng6 19.Qxh5 Rae8 20.Re2 Re5 21.Rxe5 Qxe5
22.Qf3 Rf6 23.g3 b5 24.Rf2 b4 25.Re2 Qd6 26.Nb1 f4 27.Nd2 fxg3 28.Qxg3 Qd5+
29.Ne4 c4 30.Kg1 Rf7 31.Nf2 cxd3 32.Nxd3 Qd4+ 33.Qe3 Qg4+ 34.Rg2 Qd1+ 35.Qe1 Qxe1+  1/2-1/2

[Event "Lueneburg Open 2013"]
[Site "Lueneburg GER"]
[Date "2013.07.21"]
[Round "7.7"]
[White "Lubbe,N"]
[Black "Svane,Frederik"]
[Result "1-0"]
[WhiteElo "2451"]
[BlackElo "1753"]

1.e4 c5 2.Nf3 Nc6 3.Nc3 e6 4.Bb5 Nge7 5.O-O d6 6.d4 cxd4 7.Nxd4 a6 8.Be2 Nxd4
9.Qxd4 Nc6 10.Qd3 Be7 11.b3 O-O 12.Bb2 Qc7 13.Rad1 Rd8 14.Qg3 Bf6 15.Nd5 exd5
16.Bxf6 g6 17.Qg5 Kf8 18.exd5 Ne7 19.Bd3 Bf5 20.Qh6+ Ke8 21.Rfe1  1-0

[Event "65th ch-MNE 2013"]
[Site "Cetinje SRB"]
[Date "2013.07.22"]
[Round "3.11"]
[White "Stamatovic,V"]
[Black "Batricevic,S"]
[Result "0-1"]
[WhiteElo "1889"]
[BlackElo "2237"]

1.e4 c5 2.Nf3 Nc6 3.Nc3 e5 4.Bc4 Be7 5.O-O d6 6.Nd5 Nf6 7.c3 Nxe4 8.d4 O-O
9.Qc2 Nf6 10.Ng5 g6 11.Nxe7+ Qxe7 12.dxc5 d5 13.Bd3 e4 14.Be2 Qxc5 15.Qd2 d4
16.Qf4 Qf5 17.Qh4 d3 18.Bd1 h5 19.h3 Ne5 20.f3 e3 21.Bxe3 Nd5 22.Bd2 f6 23.Ne4 g5
24.Qf2 Kh8 25.Bb3 Nf4 26.Ng3 Qg6 27.Kh2 Bf5 28.Rae1 Rad8 29.Qxa7 Bc8 30.Qb6 h4
31.Bxf4 gxf4 32.Nh1 Qg5 33.Be6 Bxe6 34.Qxe6 Rfe8 35.Qb6 d2 36.Rd1 Nc4 37.Qf2 Ne3
38.Rg1 Qg3+ 39.Nxg3 hxg3+  0-1

[Event "36th Taminco Open"]
[Site "Ghent BEL"]
[Date "2013.07.22"]
[Round "5.13"]
[White "Cabezas Ayala,I"]
[Black "Regniers,G"]
[Result "1-0"]
[WhiteElo "2316"]
[BlackElo "2073"]

1.e4 c5 2.Nf3 Nc6 3.Nc3 d6 4.d4 cxd4 5.Nxd4 g6 6.Be3 Bg7 7.Qd2 Nf6 8.f3 Bd7
9.O-O-O Rc8 10.g4 a6 11.h4 b5 12.Nxc6 Bxc6 13.Kb1 Qa5 14.h5 b4 15.h6 Bxh6
16.Bxh6 bxc3 17.Qxc3 Qxc3 18.bxc3 Rg8 19.Bxa6 Rb8+ 20.Kc1 g5 21.Rh2 Rg6 22.Bd3 e5
23.Bc4 Ke7 24.Bb3 Bd7 25.Kd2 Be6 26.Kc1 Ng8 27.Rdh1 Kf6 28.Kb2 d5 29.Bf8 dxe4
30.Bd6 Rb6 31.Bc7 Rxb3+ 32.cxb3 exf3 33.Re1 Bxg4 34.Bxe5+ Kf5 35.Bg3 h5 36.b4 h4
37.Bf2 Nf6 38.a4 Ne4 39.b5 Nxf2 40.Rxf2 Kf4 41.Ref1 h3 42.a5 h2 43.b6 h1=Q
44.Rxh1 Bc8 45.Rh8 Rc6 46.Rxc8 Rxc8 47.b7 Rb8 48.a6 g4 49.Kc2 Kg3 50.Rf1 Kg2
51.Ra1 g3 52.a7 Rxb7 53.a8=Q Re7 54.Kd3 Re2 55.Qh8 Kf2 56.Qh1 g2 57.Qh4+  1-0

[Event "Karpacz Open 2013"]
[Site "Karpacz POL"]
[Date "2013.07.22"]
[Round "1.8"]
[White "Dwilewicz,Agata"]
[Black "Polok,K"]
[Result "0-1"]
[WhiteElo "1502"]
[BlackElo "2187"]

1.e4 c5 2.Nf3 Nc6 3.Nc3 e5 4.Bc4 Be7 5.O-O d6 6.d3 Nf6 7.Ng5 O-O 8.f4 Bg4
9.Qe1 h6 10.Nf3 Bxf3 11.Rxf3 Nd4 12.Rf2 Ng4 13.Rd2 exf4 14.Qf1 Ne3 15.Qf2 Bh4
16.Qxf4 Bg5 17.Qf2 Ng4 18.Qe1 Be3+ 19.Kh1 Qf6 20.Nd5 Qe5 21.Qg3 Qxg3 22.hxg3 Bxd2
23.Bxd2 Nxc2 24.Rf1 Nd4 25.Rf4 Ne5 26.Rf1 b5 27.Bb3 a5 28.Bf4 a4 29.Bd1 f6
30.Bf3 b4 31.Kg1 b3 32.axb3 axb3 33.Ne7+ Kh7 34.Nf5 Nxf5 35.exf5 Ra2 36.Bxe5 fxe5
37.Rf2 g6 38.g4 gxf5 39.gxf5 Kg7 40.Bd5 Ra1+ 41.Kh2 Rd1 42.Bc4 Kf6 43.Rf3 Rb8
44.Rf2 d5 45.Bxd5 Rxd3 46.Be6 e4 47.Re2 Ke5 48.Bc4 Kxf5 49.g4+ Kf4 50.Bxd3 exd3
51.Rf2+ Ke3 52.Rf6 d2 53.Rd6 Ke2 54.Re6+ Kd3 55.Rd6+ Kc2 56.Kg2 d1=Q  0-1